000 00251nam a2200097Ia 4500
001 700560
005 20250826162255.0
008 250824s9999 xx 000 0 und d
245 0 _aİnsan ve Davranışı
_cDOĞAN CÜCELOĞLU
260 _bREMZİ KİTABEVİ
999 _c700560
_d700560